[Event "Corus-B"]
[Site "Wijk aan Zee"]
[Date "2004.01.25"]
[Round "13"]
[White "Nakamura, Hikaru"]
[Black "Fressinet, Laurent"]
[Result "1-0"]
[WhiteElo "2571"]
[BlackElo "2636"]
[Annotator "Lukacs,P"]
[PlyCount "69"]
[EventDate "2004.01.10"]
[EventType "tourn"]
[EventRounds "13"]
[EventCountry "NED"]
[EventCategory "13"]
[SourceTitle "CBM 099"]
[Source "ChessBase"]
[SourceDate "2004.03.30"]
[SourceVersion "1"]
[SourceVersionDate "2004.03.30"]
[SourceQuality "1"]

1. e4 e5 2. Nf3 Nc6 3. d4 exd4 4. Bc4 Nf6 5. e5 Ne4 (5... d5 {is the old main
line.}) 6. Qe2 Nc5 7. c3 $1 {[%mdl 8] Making a real gambit in the spirit of
the "old days".} (7. O-O Ne6 (7... Be7 8. Rd1 Ne6 {Black wants to hold the P,
or get the ^^ for it.} (8... d5 9. exd6 Qxd6 10. b4 {White has to play
energetically, otherwise Black will finish his development.} (10. Nc3 O-O 11.
Nb5 Qg6 12. Nxc7 Bh3 13. g3 Rad8 $132) 10... d3 $1 11. cxd3 Nxb4 12. d4 Nd7 (
12... Be6 $2 {loses material after} 13. dxc5 Bxc4 14. cxd6 Bxe2 15. Re1 $16 {
Tzermiadianos-Cela, Ikaros/Thessaloniki 1997}) 13. Re1 {and Black cannot
castle!} Nb6 14. Bf4 Qd8 15. Bg5 $44 {Nogueiras-Mikhalchishin, WchT U26 Mexiko
1977}) (8... O-O 9. Nxd4 d5 10. Nb5 Be6 11. Bxd5 Bxd5 12. N1c3 a6 13. Rxd5 Qc8
14. Nd6 $1 $14 {Sax-Gligoric, Ljubljana/Portoroz 1977}) 9. Bxe6 dxe6 $13 {
- 7...Ne6} (9... fxe6 10. Nxd4 Nxd4 11. Rxd4 O-O 12. Nc3 d5 13. exd6 cxd6 $13 (
13... Bxd6 {leaves a weak isolated e P.} 14. Be3 e5 15. Rd2 $14 {V.
Gurevich-Jonkman, BL2-West 2002}))) 8. c3 (8. Rd1 d5 $1 (8... Be7 {- 7...Be7})
9. Bb5 (9. Bb3 Bc5 {Black holds his extra P with a quick development.} 10. c3
O-O 11. cxd4 Ncxd4 12. Nxd4 Nxd4 13. Rxd4 Bxd4 14. Qd3 Bxf2+ $17 {M.
Voigt-Mikhalchishin, Dortmund 1992}) 9... Bc5 10. c3 Bd7 11. Bxc6 Bxc6 12. cxd4
Bb6 {^^} 13. Nc3 O-O $13 {Mikhalchishin}) (8. Bxe6 dxe6 9. Rd1 {The maximum
White can get is the material equality, but Black's ^^ will be dangerous.} Be7
(9... Bc5 $5 10. Nc3 (10. b4 {is overoptimistic.} Bxb4 11. c3 Bc5 12. cxd4 Be7
13. Nc3 Nb4 $15 {Kotronias-mikhalchishin, Lvov 1988}) 10... O-O 11. Ne4 $44)
10. Be3 (10. c3 O-O 11. Nxd4 Nxd4 12. Rxd4 Qe8 {and White's space advantage
can probably compensate the strong ^^.} 13. Nd2 Kh8 14. Nf3 Bd7 15. Ng5 Bc6 16.
Bf4 Bxg5 17. Bxg5 f5 $11 {Schandorff-Nielsen, Danmark 1994}) 10... O-O (10...
Bd7 11. Bxd4 Nxd4 12. Nxd4 O-O 13. Nc3 c5 14. Ndb5 a6 15. Nd6 {The N on d6 is
very strong.} Qc7 16. Nce4 Bc6 $1 {(And.Tzermiadianos-Gligoric, Panormo 1998)}
17. Rd3 $1 Bxe4 18. Qxe4 Bxd6 19. exd6 Qd7 $14 {And.Tzermiadianos}) 11. Nxd4
Qd5 $11 {Haag-L.Lengyel, HUN-ch 1964}) 8... d5 $1 9. Bb5 dxc3 10. Nxc3 d4 (
10... a6 $5) 11. Rd1 $44 (11. Ne4 Be7 12. Bd2 O-O $13 {D.Olafsson-Finegold,
Reykjavik op 1990})) (7. Ng5 $5 Ne6 8. Nxe6 (8. Qh5 g6 $17) 8... fxe6 $5 (8...
dxe6 9. Bf4 d3 10. Qxd3 Qxd3 11. Bxd3 Bd7 {Lazic-Blagojevic, Beograd GMA op
1988} 12. a3 $14) 9. O-O Bc5 $13 {firmly holding the d P.}) 7... dxc3 (7... Ne6
{is the other way, but White's advantage of development will be the same.} 8.
cxd4 Nexd4 (8... d5 $6 9. exd6 $16) 9. Nxd4 Nxd4 10. Qe4 Ne6 11. O-O $44) 8.
Nxc3 Be7 (8... Ne6 9. O-O $44) 9. Be3 ({The aggressive} 9. Nd5 $5 {deserves
attention, for example:} O-O 10. b4 Ne6 11. b5 $36) 9... O-O (9... Ne6 10.
O-O-O O-O {- 9...0-0}) 10. O-O-O {Castling to the opposite side helps White to
use his big lead of development.} Ne6 11. Ne4 Qe8 (11... d6 12. h4 {White has
to attack on the >>.} Re8 13. h5 $44) 12. h4 d6 $1 {Black is happy to give
back the P in order to finish his development.} 13. exd6 cxd6 14. Nxd6 Bxd6 ({
missing the effective intermediate move} 14... Ned4 $1 15. Nxd4 (15. Nxe8 Nxe2+
16. Bxe2 Rxe8 $11) (15. Bxd4 Bxd6 16. Qxe8 Rxe8 17. Be3 Bc7 $11) 15... Bxd6 16.
Nb5 (16. Nf3 Qe7 17. h5 h6) 16... Be5 17. Rhe1 a6 $11) 15. Rxd6 {Black has
still problems with the development of his <<.} Na5 16. Bd3 Qa4 17. Kb1 Nf4 18.
Qc2 (18. Bxf4 Qxf4 19. Rd4 Qc7 20. Qe4 $16 {was the other way centralizing the
better developed pieces.}) 18... Qxc2+ 19. Bxc2 Ne6 (19... Nxg2 $2 {founders on
} 20. Bc1 b6 21. Be4 Bb7 22. Bxb7 Nxb7 23. Rd4 $18) 20. b3 $16 {Now White's
strong ^^ controls the battlefield, and Black's pieces still lack any
development.} b6 21. Ng5 h6 22. Nxe6 (22. Bh7+ $1 Kh8 23. Nxe6 Bxe6 24. Be4 $16
{worsening the enemy king's position.}) 22... Bxe6 23. Be4 {The N on the edge
of the board is a pest.} Rac8 24. f3 (24. Rhd1 $5) 24... Rfe8 25. Bf4 (25. Rhd1
$5) 25... Re7 26. Rc1 Rce8 (26... Rxc1+ $1 27. Kxc1 f5 28. Bc2 Nb7 {and at
least the N can come back.}) 27. b4 Nb7 28. Rdc6 f5 29. Bd3 Kf7 30. Rc7 a5 $2 {
This loses quickly.} (30... Rd8 31. Rxe7+ Kxe7 32. Rc7+ Rd7 33. Rxd7+ Bxd7 34.
h5 $16 {is certainly better for White because of the active ^^, but things are
far from clear.}) 31. Bb5 $1 $18 Rd8 32. Rxe7+ Kxe7 33. Rc7+ Kf6 34. Rxb7 Rd4
35. Bc1 $1 1-0

[Event "CUB-ch"]
[Site "Las Tunas"]
[Date "2001.04.05"]
[Round "5"]
[White "Leyva Proenza, Ricardo"]
[Black "Gomez Fontal, Felix Manuel"]
[Result "1-0"]
[WhiteElo "2400"]
[BlackElo "2462"]
[Annotator "Lukacs,P"]
[PlyCount "79"]
[EventDate "2001.04.01"]
[EventType "tourn"]
[EventRounds "16"]
[EventCountry "CUB"]
[EventCategory "9"]
[SourceTitle "CBM 083"]
[Source "ChessBase"]
[SourceDate "2001.07.05"]
[SourceVersion "1"]
[SourceVersionDate "2001.07.05"]
[SourceQuality "1"]

1. e4 {[%mdl 4]} e5 2. Nf3 Nc6 3. Bc4 Nf6 4. d4 exd4 5. e5 d5 6. Bb5 Ne4 7.
Nxd4 Bd7 8. Bxc6 bxc6 9. O-O Bc5 10. f3 Ng5 11. f4 Ne4 12. Be3 Bb6 13. Nd2 {
In this position White cannot blockade Black's pawns on c5 and d4, c6-c5 is
inevitable. However only one black B can be active, in case of c2-c4 the b6 B
is walled up. White has to use his >> P majority for an -> after f4-f5.} c5 (
13... Nxd2 14. Qxd2 {/\ Nb3 blockading the dark squares.} c5 $1 {Now White has
a wide range of choice.} 15. Nb3 (15. Ne2 d4 {The long /^ is opened for the
light-squared B.} 16. Bf2 O-O 17. c4 {This blockading move is White's main
idea, otherwise Black's ^^ would be too strong.} f6 {opening up the position
is useful with the ^^.} (17... f5 {blockades White's >> activities as well,
but in a closed position the N can better manoeuvre.} 18. a4 a5 19. h3 Bc6 20.
Kh2 Qd7 21. b3 Rae8 22. Bh4 Qf7 23. Ng3 Bb7 {Black can infuse life into his
dark-squared B by c7-c6, but this would kill the other B.} 24. Rad1 Qg6 25. Qe2
Qh6 26. Nh5 Qc6 27. Rd3 Re6 28. Rg3 Rg6 29. Re1 Rxg3 30. Nxg3 $14 {
Sveshnikov-Milos, Sao Paulo, 1986}) 18. Bh4 Qe8 (18... g5 $2 {is out of
question:} 19. fxg5 fxe5 20. Ng3 $16 {Fernandez Garcia-Boudre, Pau op 1988})
19. exf6 Qh5 20. Bg3 gxf6 21. Rae1 Rae8 22. Nc1 {/\ Nd3 blockading the
position.} (22. Bf2 $5 Bc6 23. Ng3 Qg4 $13) 22... Bf5 $13 {Turgut-Iuldachev,
Istanbul ol (Men) 2000}) (15. Nf3 d4 16. Bf2 Bc6 17. Bh4 (17. Qd3 Qd7 18. f5 $5
{This is the P structure White is aiming for.} (18. Rfd1 {is not very useful.}
Qg4 19. Bg3 O-O 20. Ng5 Qh5 21. Bf2 f6 22. Qc4+ Kh8 23. Ne6 Qg6 24. Bg3 {
(1/2:1/2 Apicella-Boudre, Paris-ch 1988)} Qe4 $1 25. Qf1 Rf7 $15 {with a
dangerous battery on the long /^.}) 18... Bb5 19. Qe4 (19. e6 $5 fxe6 20. Qe4
Qc6 21. Rfe1 Qxe4 22. Rxe4 O-O 23. fxe6 Bc6 $13) 19... Bc6 20. Qg4 $14 {
with real threats in the [+] and the >>.}) 17... Qd7 (17... Qd5 $2 {allows} 18.
f5 $16 {K.Mueller-Boog, Biel op SUI 1989}) 18. f5 (18. Rae1 $5 Qf5 19. e6 f6
20. e7 Kd7 21. Re5 $5 fxe5 22. Nxe5+ Kd6 23. Nc4+ Kd7 24. Ne5+ $11 {Klovans})
18... Qxf5 19. Nxd4 $1 (19. Ng5 Qg6 20. Rxf7 (20. Nxf7 {is met by the witty}
O-O $15) 20... h6 {There are some pieces hanging in the air.} (20... O-O-O 21.
Qd3 Qxd3 22. cxd3 h6 23. Ne6 Rde8 24. Nxg7 Rxe5 25. Nf5 Be8 26. Ne7+ Kb7 27.
Ng6 Bxf7 28. Nxe5 Bd5 $11 {Edelman-Klovans, Biel op 1994}) 21. Raf1 O-O-O $1
22. Nh3 Rde8 23. Bg3 c4 {and this is the P structure Black is aiming for. Now
the ^^ has an absolut power.} 24. Kh1 (24. e6 Qxe6 25. Qf4 Re7 $17 {
Masternak-Klovans, Katowice op 1993}) 24... Qe6 25. Ng1 Re7 26. Rxe7 Qxe7 27.
Nf3 Rd8 $15 {Klovans}) 19... Qd7 20. Nf3 Qxd2 (20... c4+ 21. Kh1 Qg4 $13) 21.
Nxd2 O-O $11 {Klovans}) 15... d4 {- 13....c5}) 14. N4b3 Nxd2 (14... c4 $6 {
allows White to destroy Black's P structure.} 15. Bxb6 $1 (15. Nd4 $143 Nxd2
16. Qxd2 c5 $15 {and the phalanx will move ahead.}) 15... axb6 (15... Nxd2 16.
Nxd2 axb6 17. f5 $1 O-O 18. f6 $14 {with annoying threats on the >>.}) (15...
cxb3 16. Nxe4 axb6 17. Qxd5 Bf5 18. Qc6+ Bd7 19. Qc4 $16) 16. Nxe4 dxe4 17. Nd2
$1 (17. Nd4 c5) 17... c3 (17... Bc6 18. Nxc4 Bb5 19. b3 O-O 20. Re1 Qxd1 21.
Rexd1 Bxc4 22. bxc4 Rfd8 23. Kf2 $14 {>< e4}) 18. bxc3 Bc6 (18... e3 19. Nb3
$16) 19. Qe2 Ra4 20. Nb3 $14 {/\ f5}) 15. Qxd2 d4 (15... c4 16. Nc5 $14 {
blockading the dark squares.}) 16. Bf2 Bc6 (16... Bb5 $5 17. Rfe1 Qd5 18. f5 $1
{is the logical continuation of the |^.} (18. e6 $6 {is premature} Bc6 $1 (
18... fxe6 $2 19. Rxe6+ $1 Qxe6 20. Re1 Bc4 21. Rxe6+ Bxe6 22. Qe2 Kd7 (22...
Kf7 23. Nxc5 $1 Bxc5 24. Qh5+ $18) 23. Qe5 $16) 19. exf7+ Kxf7 {White has
ruined his own [+] for nothing.} 20. Bh4 Rhe8 $1 $15 {^^ /\ c4} (20... c4 $6 {
allows} 21. Re5 $1 Qd6 22. Be7 d3+ 23. Kh1 Qg6 24. Rg5 $1 (24. Nc5 Rhe8 25.
Rae1 Qxg2+ 26. Qxg2 Bxg2+ 27. Kxg2 d2 $1) 24... Qh6 25. Re1 Rhe8 26. Qb4 $1 $16
)) 18... h6 $1 (18... O-O 19. f6 $16 (19. Qg5 f6)) 19. Qf4 $1 {keeps the
central pawns, and defends >< g2 after} (19. Kh1 $6 {runs into} Bc6 20. Bg1
O-O-O 21. Qe2 f6 $1 $15 {ruining White's [+], Sveshnikov-Agzamov, SU-ch sf
Tashkent 1984.}) (19. e6 $2 {is again a blow in the air.} Bc6 20. Bg3 (20. Bh4
c4 $1 21. exf7+ Kxf7 22. Re7+ Kf8) 20... c4 (20... f6 $5) 21. Re5 c3 $1 $17)
19... Bc6 (19... O-O-O $5 20. a4 $1 Bc6 21. Qg4 $16) (19... O-O 20. Qg4 $16)
20. Qg4 c4 21. Nd2 O-O {Suicide?} 22. f6 g5 23. h4 $16) (16... O-O 17. c4 $1 {
White wants to kill the b6 B forever.} (17. c3 {fights against Black's [+],
but it is wiser to blockade it.} Be6 (17... Bc6 {This is connected with a
well-known positional P sacrifice.} 18. cxd4 c4 {This is the main idea, Black
has the total control over the long /^, and the other B can also breethe.} 19.
Na5 (19. Nc1 Qd5 20. Be3 f6 $44) 19... Bxg2 $1 20. Kxg2 Qd5+ 21. Kg3 Bxa5 22.
Qe2 f6 $11 {Sveshnikov-Zakharov, SU-ch sf Volgodonsk 1983}) 18. cxd4 Bxb3 19.
axb3 cxd4 20. f5 $5 (20. Rfd1 Qd5) 20... Qd5 21. Qf4 Rae8 22. Rae1 f6 $5 $13 {
Okhotnik-Brdicko, Prague Mladi-A 1988}) 17... Qe7 $142 (17... Bc6 18. f5 $5 (
18. Nc1 $14 {/\ Nd3 with an ideal blockade, Agzamov.}) 18... Qd7 19. Bg3 $16)
18. Qd3 $1 {fighting for the b1-h7 /^.} (18. Bg3 Bf5 $13) (18. Nc1 Rfe8 19. Nd3
Bf5) 18... Rfe8 (18... f5 {already closes the position, which helps for White,
as it was mentioned before.} 19. Nd2 $14) 19. Bg3 a5 20. f5 a4 21. Nd2 $14 {
and White's central pawns are very dangerous.}) 17. c4 (17. f5 $5 {was the
other alternative following the advance on the >>.} Qd5 18. Qg5 c4 19. Nd2)
17... Qd7 (17... dxc3 $5 18. Qxc3 Qd5 {opens up the position for the ^^, but
weakens the P structure.} 19. Qg3 O-O-O 20. Qg4+ (20. Rac1 c4 21. Bxb6 axb6)
20... Bd7 21. Qe2 Bc6 22. Qg4+ Bd7 23. Qe2 {1/2:1/2 Jackova-Kuang Yinhui, Wch
U20 Girls 1999}) 18. Qd3 (18. Bxd4 $5 {deserved serious attention making
Black's << weaknesses vulnerable.} cxd4 19. c5 Rd8 $1 (19... Bxc5 $2 {
activates the enemy N.} 20. Nxc5 Qd5 21. Na6 Qd7 22. Rac1 $1 {keeping control
over >< c5.} (22. Rfd1 {This is not the precise R move!} Rd8 23. e6 fxe6 24.
Nc5 Qf7 25. Nxe6 Qxe6 $1 {Black is happy to "sacrifice" his Q for two rooks!} (
25... Rd6 26. f5 $16 {Garcia Elio-Pena Gomez, ESP-ch U20 Mondariz Balneario
2000}) 26. Re1 Be4 27. Rxe4 Qxe4 28. Re1 Qxe1+ 29. Qxe1+ Kf7 $11) 22... O-O (
22... Rc8 $2 23. Rfd1 $18) 23. Rc5 Bb5 24. Rxb5 Qxb5 25. Nxc7 $16 {and White
is a healthy P up.}) 20. f5 $1 {White is not hurrying to get back the piece.} (
20. cxb6 axb6) 20... Bxc5 (20... d3 21. cxb6 cxb6 22. e6 $1) 21. Nxc5 Qe7 22.
Rac1 O-O 23. Rfe1 $14 {and White's pawns are more mobile than Black's ones.}) (
18. Bh4 {/\ f5} Qf5 {Black has to blockade >< f5.} (18... Qg4 $5 19. Qf2) 19.
Rae1 a5 20. Qe2 a4 21. Nc1 O-O 22. Nd3 Rfe8 $13 {is the strong prophylactic
move.} (22... f6 $6 {is now premature:} 23. e6 $1 (23. exf6 Rae8 24. Ne5 gxf6
25. Qg4+ Qxg4 26. Nxg4 Kg7 27. Rxe8 Bxe8 28. Re1 $14 {Rizouk-Klovans, Biel op
1995}) 23... Rfe8 24. g4 Qg6 25. f5 Qh6 26. Bg3 $16)) (18. f5 $5 {deserves
also attention.} Qxf5 $1 {This P has to be eliminated.} (18... O-O 19. f6 $1
$14) 19. Bxd4 Qe6 $1 (19... Qd7 20. Be3 $14) 20. Bxc5 Qxc4 (20... Bxc5+ 21.
Nxc5 Qxc4 22. Nb3 $14 (22. Rfc1 Qb5 23. a4 Qb6 24. e6 $14) (22. Rac1 {- 20...
Qc4})) 21. Bxb6 $142 (21. Rac1 Bxc5+ $1 (21... Qd5 22. Qg5 $1 $16 {
Hagasaether-Westerinen, Jarleslaget op 1997}) 22. Nxc5 Qxa2 23. e6 O-O $1 $13)
21... cxb6 (21... axb6 $6 22. Rac1 Qe4 (22... Qd5 23. Rfd1 $1) 23. Rfe1 Qd5 24.
Red1 Qe4 25. Nd4 $16) 22. Rac1 Qd5 23. Qf2 $1 (23. Rfd1 Qxd2 24. Rxd2 Be4 25.
Rc7 O-O $11) 23... Rc8 24. e6 $1 $14) 18... O-O-O 19. f5 Rde8 20. Rae1 (20. Bg3
$5 h5 21. h3) 20... g6 21. Bg3 Bb7 $2 {This is only a loss of time.} ({Black
had to take up the gauntlet immediately on the >> by} 21... gxf5 $1 22. Rxf5 (
22. Qxf5 Qxf5 23. Rxf5 Re7) 22... h5 23. Rf4 Reg8 24. Re2 Rg4 $13) 22. Re2 Rhg8
$2 {[#] Black has no time for slow preparations.} (22... gxf5 {was still
required} 23. Rxf5 h5 $1 (23... Rhg8 24. Ref2 Rg7) 24. Rf4 (24. Ref2 h4 25. Bf4
h3 $15) 24... Rhg8 25. Qh7 $14 (25. Bh4 Rg4)) 23. e6 $1 {[%mdl 32] Now White
creates a dangerous o^ paralyzing Black's rooks.} (23. f6 $143 Re6 $13) 23...
fxe6 24. f6 $1 {This is the point!} Rgf8 25. Be5 {After the positional P
sacrifice Black is pushed to the wall.} g5 (25... Rd8 26. Nc1) 26. Nc1 {
The N was not active enough, it was time to improve his position. Black can
only sit and wait.} Rf7 27. a3 a5 {against b2-b4} (27... Rd8 28. b4) 28. b3 Rd8
29. a4 {White blockades the << in order to pay more attention to the >>.} Qe8 (
29... g4 $5 30. Qg3 h5 31. Qh4 Qe8 32. Nd3 (32. Qxh5 $2 {falls into the trap
after} Rxf6 $1) 32... Rf8 33. Bg3 $16) 30. Qh3 d3 $6 {Desperation.} (30... h5
31. Nd3 Rf8 32. Bg3 $16 {was not rosy either.}) 31. Nxd3 $18 {Now Black is
lost completely.} Rfd7 32. Re3 h5 33. Bc3 g4 34. Qg3 c6 {killing the
light-squared B.} (34... h4 $2 35. Qxg4 $1 Rxd3 36. Rxd3 Rxd3 37. f7 $18) 35.
Ne5 Bc7 36. Qe1 Bxe5 37. Bxe5 Ba8 38. Qxa5 Kb7 39. b4 cxb4 40. c5 1-0

[Event "Zalakaros op 17th"]
[Site "Zalakaros"]
[Date "1998.??.??"]
[Round "4"]
[White "Okhotnik, Vladimir"]
[Black "Lukacs, Peter"]
[Result "0-1"]
[WhiteElo "2405"]
[BlackElo "2515"]
[Annotator "Lukacs,P"]
[PlyCount "72"]
[EventDate "1998.05.??"]
[EventType "swiss"]
[EventRounds "9"]
[EventCountry "HUN"]
[SourceTitle "CBM 065"]
[Source "ChessBase"]
[SourceDate "1998.08.06"]
[SourceVersion "1"]
[SourceVersionDate "1998.08.06"]
[SourceQuality "1"]

1. e4 e5 2. Nf3 Nc6 3. Bc4 Bc5 4. c3 Nf6 5. O-O d6 {creates a complicated
fight with level chances. In this setup with d7-d6 it is favourable for Black
to have 0-0 Nf6 inserted.} (5... Nxe4 {leads to an equal position in the _|_
after} 6. d4 (6. Bd5 $143 Nf6 7. Bxc6 dxc6 8. Nxe5 Be7 $1 (8... O-O 9. d4 Bd6
10. Bg5 Bxe5 11. dxe5 Qxd1 12. Rxd1 Nd7 $11 {Okhotnik-Eisterer, Balatonbereny
op. 1996}) 9. d4 c5 $15 {where Black's ^^ will play an important role, since
the position is opened.}) 6... exd4 7. cxd4 d5 8. dxc5 dxc4 9. Qxd8+ Kxd8 (9...
Nxd8 10. Re1 f5 11. Nc3 O-O 12. Nxe4 fxe4 13. Rxe4 Be6 $11 {G.Popov-Schneider,
corr. 1976}) 10. Rd1+ Bd7 11. Be3 Ke7 12. Na3 Be6 13. Nb5 Rhc8 14. Ng5 Nxg5 15.
Bxg5+ f6 16. Bf4 Ne5 17. Bxe5 fxe5 18. Re1 Kf6 $11 {Estrin-Krzyton, corr. 1975}
) 6. d4 exd4 7. cxd4 Bb6 {Black has a pressure against the central Ps e4 and
d4.} 8. Nc3 (8. Re1 O-O 9. h3 Nxe4 $1 {This is the typical method for Black
creating an isolated P on d4.} 10. Rxe4 d5 11. Bxd5 (11. Bg5 f6 $1 12. Bxd5+
Qxd5 13. Nc3 Qf7 $13) 11... Qxd5 12. Nc3 Qd8 13. d5 Bf5 $1 $13 {Now White has
to decide where to move with the R.} (13... Ne7 $2 14. Bg5 f6 {(B.
Lengyel-Lukacs, HUN ch. 1980)} 15. Be3 $1 $16 {exchanging the important B on
b6.}) 14. Rf4 (14. Re1 Nb4) 14... Ne7 $13 {Black has the ^^ and White's R on
f4 is also doggy a bit.}) 8... O-O 9. h3 $6 {defending against Bg4, but
falling into the typical reply.} (9. Be3 $142 Bg4 10. Bb3 Qc8 $1 {This is
better than the natural 10...Qd7, because of the possible pin with Ba4.} (10...
Bxf3 11. gxf3 {/\ Kh1 Rg1|^ <->g}) 11. Kh1 (11. Qd3 Bxf3 12. gxf3 Qh3 $13) (11.
Re1 Re8 12. Qd3 (12. Kh1 Ba5 $13) 12... Bxf3 13. gxf3 Qh3 14. Qd1 Nh5 $1 $13)
11... Re8 12. Bc2 (12. Qd3 Bxf3 13. gxf3 Qh3 14. Qd1 $1 (14. Bd1 $2 Bxd4 15.
Bxd4 Ng4 $19) 14... Bxd4 15. Bxd4 Nxd4 16. Qxd4 Qxf3+ 17. Kg1 Qg4+ $11 {
U.Stein-Lukacs, Germany 1987}) 12... Ba5 $5 $13 {with more pressure on the
centre.}) 9... Nxe4 $1 {This is the typical blow here.} 10. Nxe4 (10. Bxf7+ $6
{is a mistake from strategical point of view, because the >> is not really
weakened, but the ^^ and the isolated d P remains.} Rxf7 11. Nxe4 h6 12. d5 Ne7
13. Re1 Nf5 14. Qd3 Bd7 $15) 10... d5 11. Bg5 $6 {This wins a tempo, but
surprisingly enough White's B on g5 becomes vulnerable.} (11. Bxd5 Qxd5 12. Nc3
Qd6 13. d5 (13. Ne4 Qg6) 13... Ne7 14. Bg5 f6 15. Be3 Bxe3 16. fxe3 Bd7 17. e4
Ng6 18. Qd4 a6 19. Rae1 Rfe8 $15 {Pesztericz-Lukacs, Zalakaros op. 1996}) 11...
Qd7 12. Re1 $6 {This looks logical, while all pieces of White begin to attack
the black >>, but in this line this is not as dangerous, as it looks first
sight. In a practical game White usually spends an hour here looking for
brilliant solutions, finally realizing that the attack can easily be repelled.}
(12. Nc5 Bxc5 13. dxc5 (13. Bb5 $2 Bd6 14. Rc1 f6 15. Be3 Qf7 $1 16. Bxc6 bxc6
17. Rxc6 Bd7 18. Rc2 $2 (18. Rc1 $142) 18... g5 $1 {This agressive idea is
similar to some Ruy Lopez Marshall lines!} 19. g4 $6 h5 $1 $17 {
Christiansen-Hazai, Copenhagen 1994}) 13... dxc4 $15) (12. Bxd5 Qxd5 13. Nc3
Qf5 14. Be3 (14. d5 Nd4 $1) (14. Bh4 Qh5 $1 15. Bg3 Rd8 16. d5 Be6 $1) 14...
Rd8 $13) 12... dxc4 {This is the good reply.} (12... dxe4 $6 13. Rxe4 {brings
the R to the ->}) 13. d5 Nb4 14. Ne5 Qxd5 $1 (14... Qf5 15. g4 Qxe5 16. Nf6+
Qxf6 17. Bxf6 gxf6 18. Qf3 Nd3 $1 (18... Kg7 19. g5 $1) 19. Qxf6 Bxf2+ $11 {
G.Mathe-Hazai, Hun. chT 1993}) 15. Be7 (15. Qh5 f6 $1 16. Nc3 (16. Rad1 Nd3 $1)
16... Qc5 $1 $19) (15. Nf6+ $2 {founders on the brilliant} gxf6 16. Qh5 Nd3 $1
17. Bxf6 Qxg2+ $1 $19) 15... Nd3 $1 (15... Qxe5 16. Nf6+ $142 (16. Bxf8 $6 Nd3
$1 (16... Kxf8 $2 17. Qd8+ Qe8 18. Qxe8+ Kxe8 19. Nf6+ $18) 17. Ba3 Bf5) (16.
Bxb4 $6 c5 (16... Re8 $2 17. Bc3 Qe7 18. Nf6+) 17. Nxc5 Qg5) 16... Qxf6 17.
Bxf6 gxf6 18. Qf3 $1 Nd3 $1 (18... Bd4 19. Re4 Be5 (19... Bxb2 20. Rb1) 20.
Rxe5 fxe5 21. Qg3+ Kh8 22. Qxe5+ f6 23. Qe7 Rg8 24. Qxf6+ (24. Qxb4 $2 Bxh3 25.
Qc3 Bxg2) 24... Rg7 25. Qf8+ Rg8 26. Qxb4 $16) 19. Qxf6 Bxf2+ 20. Kh1 Bxe1 21.
Qg5+ $11) 16. Nxd3 (16. Qd2 $2 Qxe5 $1 17. Nf6+ Qxf6 18. Bxf6 gxf6 $19) (16.
Nc3 Qd4 $1) (16. Bxf8 Kxf8) (16. Qh5 Qxe5 $1 17. Nf6+ Qxf6 18. Bxf6 gxf6 19.
Re4 (19. Qh6 Bd4 $1 20. Re4 Bxb2 21. Rh4 Bf5 $19) 19... Be6 20. Rd1 (20. Qh6
Nxf2 $19) 20... Rfd8 $1 21. Qh6 (21. Rh4 Kf8 $1 22. Qxh7 Ke7 $19) 21... Nxf2
$19) 16... cxd3 17. Bxf8 (17. Qf3 Be6) 17... Kxf8 18. a4 $6 (18. Qb3 $142 Qxb3
19. axb3 {leading to an _|_ was more persistant, but after} Be6 20. b4 Bb3 $15
{the ^^ and the strong o^ d3 gives Black the edge.}) 18... Bf5 $1 (18... a5 $2
19. Ra3 $1) 19. Qd2 {My opponent's draw offer was certainly refuted.} a5 20.
Ng3 $6 {The N is out of play here.} ({More to the point was} 20. Nc3 $142)
20... Bg6 21. b4 h6 22. Rac1 $2 (22. b5 Bc5) (22. Kf1 Kg8) 22... Qd6 $1 $19 {
This double -> decides the battle outright.} 23. Ne4 Qxb4 24. Rb1 (24. Qxd3 $2
Re8 $19) 24... Qd4 25. Nc3 Rd8 26. Re3 Qd6 27. Rf3 Kg8 28. Rf4 Qd7 29. Rc4 Qe6
30. Rg4 Bc5 $1 31. Re1 (31. Rxb7 Bb4 32. Rxc7 Qe5 $1 33. Rcc4 (33. Rgc4 Bxc3
34. Rxc3 Qe2 $19) 33... Bxc3 34. Rxc3 Qe2 (34... Qxc3 $4 35. Qxc3 d2 36. Rd4
$14)) 31... Qd7 32. Rc1 Bb4 33. Rc4 c5 34. Kf1 Qe6 35. Rf4 Qb3 36. Qd1 d2 $1 {
0-1} 0-1